000 01101cam a22003377a 4500
003 CHAP
005 20220817040952.0
008 971013s1988 r 00010 d
010 _a3667
011 _a4639
035 _a3843
040 _cCHAP
090 _aFolleto 12764y
110 _aFAO
245 1 3 _aLa cría del caracol
260 _aRoma :
_bFAO,
_c1988
300 _a2 v.
_b: ilus
410 _aFAO
490 0 _aDesarrollo económico y social
_v;33-34
505 _aContenido: v.1 Información sobre los caracoles construcción de un recinto plantas para alimento y para refugio -- v.2 Selección de los caracoles cuidados y recogida otras mejoras
590 _aBATCH-UPD
_b10
_c20130110
_lUCH01
_h1825
590 _aBATCH-UPD
_b10
_c20130410
_lUCH01
_h1158
590 _aBATCH-UPD
_b10
_c20130914
_lUCH01
_h0841
590 _aCONVERSION
_b10
_c20130109
_lUCH01
_h1303
650 1 4 _aCaracoles.
_918764
810 0 _aFAO
830 0 0 _aDesarrollo económico y social
_v;33-34
_932058
901 _aBK
942 _cFOLL
949 _aFolleto 12764y
_bBC
_cFAO
_d-13372
_eFAO1
_fv.1
_i3843
_mD
_sb
999 _c3667
_d3667